| Tag |
First Indicator |
Second Indicator |
Subfields |
| LEADER |
00000cjm a2200000Ma 4500 |
| 001 |
in00003441225 |
| 005 |
20151206102838.0 |
| 007 |
sd zungnnmmned |
| 008 |
080221s2006 quczznn i n zxx d |
| 028 |
0 |
2 |
|a IMED 0679
|b Empreintes DIGITALes
|
| 035 |
|
|
|a (OCoLC)ocn272525543
|
| 035 |
|
|
|a (OCoLC)272525543
|
| 040 |
|
|
|a CSt
|b eng
|c STF
|d OCLCF
|d OCLCQ
|d TXA
|d UtOrBLW
|
| 041 |
0 |
|
|g eng
|g fre
|
| 049 |
|
|
|a TXAM
|
| 090 |
|
|
|a M1473.A23
|b M66 2006
|
| 100 |
1 |
|
|a Adkins, Mathew,
|d 1972-
|
| 240 |
1 |
0 |
|a Works.
|k Selections
|
| 245 |
1 |
0 |
|a Mondes inconnus /
|c Mathew Adkins.
|
| 264 |
|
1 |
|a Montréal :
|b Empreintes DIGITALes,
|c [2006]
|
| 264 |
|
4 |
|c ℗2006
|
| 300 |
|
|
|a 1 audio disc :
|b digital, DVD ;
|c 4 3/4 in.
|
| 336 |
|
|
|a performed music
|b prm
|2 rdacontent
|
| 337 |
|
|
|a audio
|b s
|2 rdamedia
|
| 338 |
|
|
|a audio disc
|b sd
|2 rdacarrier
|
| 500 |
|
|
|a Computer music; Still time (4th work) is for flute and electronics.
|
| 511 |
0 |
|
|a Alejandro Escuer, flute (4th work).
|
| 500 |
|
|
|a Realized between 1995 and 2005 in various locations.
|
| 500 |
|
|
|a DVD-audio disc.
|
| 500 |
|
|
|a Program notes in English and French inserted in container.
|
| 505 |
0 |
|
|a Mapping (14:19) -- Aerial (9:40) -- Deepfield (12:22) -- Still time (8:52) -- Melt (11:41) -- Symbiont (9:01) -- Silk to steel (10:36) -- Cortex (9:05).
|
| 500 |
|
|
|a Sound recording.
|
| 650 |
|
0 |
|a Computer music.
|
| 650 |
|
0 |
|a Flute and electronic music.
|
| 650 |
|
7 |
|a Computer music.
|2 fast
|0 (OCoLC)fst00872274
|
| 650 |
|
7 |
|a Flute and electronic music.
|2 fast
|0 (OCoLC)fst00928230
|
| 700 |
1 |
|
|a Escuer, Alejandro,
|d 1963-
|e performer.
|
| 700 |
1 |
2 |
|a Adkins, Mathew,
|d 1972-
|t Mapping.
|
| 700 |
1 |
2 |
|a Adkins, Mathew,
|d 1972-
|t Aerial.
|
| 700 |
1 |
2 |
|a Adkins, Mathew,
|d 1972-
|t Deepfield.
|
| 700 |
1 |
2 |
|a Adkins, Mathew,
|d 1972-
|t Still time.
|
| 700 |
1 |
2 |
|a Adkins, Mathew,
|d 1972-
|t Melt.
|
| 700 |
1 |
2 |
|a Adkins, Mathew,
|d 1972-
|t Symbiont.
|
| 700 |
1 |
2 |
|a Adkins, Mathew,
|d 1972-
|t Silk to steel.
|
| 700 |
1 |
2 |
|a Adkins, Mathew,
|d 1972-
|t Cortex.
|
| 948 |
|
|
|a cataloged
|b h
|c 2014/8/29
|d c
|e jolivare
|f 2:21:01 pm
|x Check for appropriate record
|
| 994 |
|
|
|a C0
|b TXA
|
| 999 |
|
|
|a MARS
|
| 999 |
f |
f |
|s 071b0d03-db0b-3558-9b50-af05b67c54fc
|i 12d51b4f-41ec-3692-8dc3-739c1adb5747
|t 0
|
| 952 |
f |
f |
|p ric
|a Texas A&M University
|b Rellis Campus
|c Joint Library Facility
|d Remote Storage
|t 0
|e M1473.A23 M66 2006
|h Library of Congress classification
|i audio -- audio disc
|m A14842712979
|
| 998 |
f |
f |
|a M1473.A23 M66 2006
|t 0
|l Remote Storage
|